000 00803nam a2200253 4500
999 _c8528
_d8528
001 22443
003 BD-DhUAP
005 20240828131319.0
008 240828b2022 nju||||| |||| 001 0beng d
020 _a9781119787051
020 _z9781119787006
040 _aBD-DhUAP
_bEng
_eBD-DhUAP
_cBD-DhUAP
_dBD-DhUAP
082 _a657.48 WEY
_223
100 1 _aWeygandt, Jerry J.,
_eauthor.
245 1 0 _aFinancial accounting with international financial reporting standards /
_cJerry J. Weygandt, PhD, CPA, Paul D. Kimmel, PhD, CPA.
250 _aFifth edition.
263 _a2208
264 1 _aHoboken, NJ :
_bWiley,
_c2022 .
300 _axxi,G-28,pages
_c28 cm.
504 _aIncludes index & Bibliography.
650 _aFinancial accounting.
700 1 _aKimmel, Paul D.,
_eauthor.
942 _2ddc
_cBK